000 00751nam a2200205Ia 4500
003 GCL
008 140319s9999 xx 000 0 ara d
020 _a8186048977
040 _aGCL /
_cGCL
082 0 4 _a953.0391
_bع د
100 1 _aعبدالله بن حسين الشريف
245 1 0 _aالدولة الاموية فى عهد الخليفة يزيد بن عبدالملك /
_cعبدالله بن حسين الشريف
250 _aالاولى
260 _aالقاهرة :
_bدار القاهرة ،
_c2005
300 _a623 ص ؛
_c24 سم
650 0 4 _aالحضارة الاسلامية
650 0 4 _aالعالم العربى - تاريخ - العصر الاموى
650 0 4 _aيزيد بن عبدالملك
942 _2ddc
_cBK
999 _c50854
_d50854